000 00641nam a2200193 a 4500
040 _aAM-YeHGA
090 _c95128
001 000259806
003 AM-YeHGA
005 20250617125233.0
008 030909s1919 ai 000 | arm d
100 1 _aԲիւրատ, Սմբատ,
_d1862-1915
245 1 0 _aԱրիւնի ձորը :
_bՎիպակ կիլիկեան կեանքէ /
_cՍ. Բիւրատ.
260 _aԿ. Պոլիս :
_bտպ. Վաղինակ Ս. Բիւրատ,
_c1919.
300 _a61 էջ ;
_c17 սմ.
440 0 _aԿիլիկիա գրատուն
_vթիվ 2
650 1 4 _aՀայ գրականություն
_xՎիպակ
942 _2udc
_cBK
999 _c93828
_d93828